000 00277nam a22000977a 4500
008 230418b |||||||| |||| 00| 0 eng d
020 _a978034091101.
100 _aBlyton Guid
_97607
245 _aThe Naughtiest Girl Keeps a Secret-5
260 _aLondon
_bHalder Children Books
_c2015
999 _c12245
_d12245